| 000 | 00753nam a2200193 a 4500 | ||
|---|---|---|---|
| 001 | BRCA_1291 | ||
| 005 | 20190320203349.0 | ||
| 008 | 300508s1994----sp-a---###---#000-0#spa-# | ||
| 020 | _a846062160X | ||
| 050 | 4 |
_aNK2599 _b.F47 1994 |
|
| 100 | 1 |
_aFernández Martín, Ma. Mercedes _94230 |
|
| 245 | 1 | 0 |
_aEl arte de la madera en Écija durante el siglo XVIII _cMa. Mercedes Fernández Martín. |
| 260 |
_aÉcija, Sevilla _bBiblioteca Pública Municipal ´Tomas Beviá´ : Delegación de Cultura. Excmo. Ayuntamiento de Écija _c1994 |
||
| 300 |
_a247 p. _bil. _c30 cm. |
||
| 504 | _aBibliografía : p. 219-229 | ||
| 650 | 1 | 4 |
_aMuebles de madera _xHistoria _ySiglo XVIII _zÉcija, España _94231 |
| 650 | 1 | 4 |
_aCarpinteros _xGremios _zEspaña _94232 |
| 942 |
_2lcc _cB |
||
| 999 |
_c1158 _d1158 |
||